书目信息 |
| 题名: |
勒·柯布西耶建筑创作中的九个原型
|
|
| 作者: | 越后岛研一 著 ;徐苏宁 , 吕飞 译 | |
| 分册: | ||
| 出版信息: | 北京 中国建筑工业出版社 2006.01 |
|
| 页数: | 206页 | |
| 开本: | 19cm | |
| 丛书名: | Architecture Dramatic丛书 | |
| 单 册: | ||
| 中图分类: | TU2 | |
| 科图分类: | ||
| 主题词: | 建筑设计--jian zhu she ji--研究--法国--现代 | |
| 电子资源: | ||
| ISBN: | 7-112-07897-0 | |
| 000 | 01086nam 2200265 450 | |
| 001 | 012007249527 | |
| 005 | 20070920153543.42 | |
| 010 | @a7-112-07897-0@dCNY25.00 | |
| 100 | @a20070827d2006 km y0chiy0120 ea | |
| 101 | 1 | @achi@cjpn |
| 102 | @aCN@b110000 | |
| 105 | @aa z 000yy | |
| 200 | 1 | @a勒·柯布西耶建筑创作中的九个原型@Ale·ke bu xi ye jian zhu chuang zuo zhong de jiu ge yuan xing@f(日) 越后岛研一著@F(ri)yue hou dao yan yi zhu@g徐苏宁, 吕飞译@Gxu su ning,lu fei yi |
| 210 | @a北京@c中国建筑工业出版社@d2006.01 | |
| 215 | @a206页@c图@d19cm | |
| 225 | 2 | @aArchitecture Dramatic丛书@AArchitecture Dramatic cong shu |
| 330 | @a本书分析与追溯了柯布西耶作品中的一些“延续的特征”,从而去了解这位建筑史上有着显著建筑活动的人物在保持显著变化的同时,是如何积累形成独特的创作世界的。 | |
| 410 | 0 | @12001 @aArchitecture Dramatic丛书 |
| 606 | 0 | @a建筑设计@Ajian zhu she ji@x研究@y法国@z现代 |
| 690 | @aTU2@v4 | |
| 701 | 0 | @a越后岛研一@Ayue hou dao yan yi@4著 |
| 702 | 0 | @a徐苏宁@Axu su ning@4译 |
| 702 | 0 | @a吕飞@Alu fei@4译 |
| 801 | 0 | @aCN@c20070920 |
| 905 | @dTU2@eY957 | |
| 勒·柯布西耶建筑创作中的九个原型/(日) 越后岛研一著/徐苏宁, 吕飞译.-北京:中国建筑工业出版社,2006.01 |
| 206页:图;19cm.-(Architecture Dramatic丛书) |
| ISBN 7-112-07897-0:CNY25.00 |
| 本书分析与追溯了柯布西耶作品中的一些“延续的特征”,从而去了解这位建筑史上有着显著建筑活动的人物在保持显著变化的同时,是如何积累形成独特的创作世界的。 |
| ● |
| 相关链接 |
|
|
|
正题名:勒·柯布西耶建筑创作中的九个原型
索取号:TU2/Y957
 
预约/预借
| 序号 | 登录号 | 条形码 | 馆藏地/架位号 | 状态 | 备注 |
| 1 | 262241 | 202622411 | 建筑库101/101建筑库 31排2列3层/ [索取号:TU2/Y957] | 在馆 | |
| 2 | 262242 | 202622420 | 建筑库101/101建筑库 31排2列3层/ [索取号:TU2/Y957] | 在馆 | |
| 3 | 262243 | 202622439 | 建筑库101/101建筑库 31排2列3层/ [索取号:TU2/Y957] | 在馆 |